Lost Characters - Statistics

General Stats
  • This quiz has been taken 807 times
  • The average score is 30 of 37
Answer Stats
How They Got to the Island Character Status at the End of the Series % Correct
Oceanic Flight 815 Hugo Reyes Alive; Stayed on island as the protecter
97%
Oceanic Flight 815 Jack Shephard Dead; Bled out from wounds got from the Man in Black
97%
Oceanic Flight 815 Kate Austen Alive; Flown off island on the Ajira plane
97%
Oceanic Flight 815 Charlie Pace Dead; Drowned so that a radio signal could be broadcast
96%
Brought by Father; Dharma Initiative Benjamin Linus Alive; Is the current second-in-command to leader of the island
95%
Oceanic Flight 815 Jin-Soo Kwon Dead; Drowned in a sub with his wife
95%
Oceanic Flight 815 John Locke Dead; Strangled to death by Ben Linus
95%
Oceanic Flight 815 Sun-Hwa Kwon Dead; Drowned in a sub with her husband
95%
Oceanic Flight 815 James Ford Alive; Flown off island on the Ajira plane
94%
Oceanic Flight 815 Ana Lucia Cortez Dead; Shot by Michael Dawson
91%
Sailboat crashed on island Desmond Hume Alive; Is going to be sent off island by Hugo and Ben, after unplugging the cork.
90%
Never on island Penelope Hume Alive; Married to Desmond
90%
Oceanic Flight 815 Sayid Jarrah Dead; Died for his friends, via exploding, so that they could get off the island
90%
Oceanic Flight 815 Shannon Rutherford Dead; Shot by accident by Ana Lucia Cortez
89%
Oceanic Flight 815 Boone Carlyle Dead; Sustained fatal injuries when the Beechcraft fell
88%
The Kahana/Helicopter Daniel Faraday Dead; Shot by his own mother
87%
Oceanic Flight 815 Claire Littleton Alive; Flown off island on the Ajira plane
86%
Oceanic Flight 815 Elizabeth Smith Dead; Shot by Michael Dawson
86%
Oceanic Flight 815 Rose Nadler Alive; Lives with her husband in the jungle on the island
86%
Oceanic Flight 815 Eko Dead; the Smoke Monster got him
84%
Born on island Jacob Dead; Stabbed to death by Ben Linus
83%
Oceanic Flight 815 Michael Dawson Dead; Died in the Kahana explosion, but hasn't quite moved on
83%
Oceanic Flight 815 Bernard Nadler Alive; Lives with his wife in the jungle on the island
81%
Recruited by Richard Alpert Juliet Burke Dead; Sustained fatal injuries falling down the hole at the Swan site.
81%
The Black Rock's crash Richard Alpert Alive; Flown off island on the Ajira plane
80%
Oceanic Flight 815 Christian Shephard Dead; Drunk himself to death, but not on the island. Led everyone into the afterlife.
77%
The Kahana/Helicopter Miles Straume Alive; Flown off island on the Ajira plane
76%
Oceanic Flight 815 Nikki Fernandez Dead; Buried alive
75%
Oceanic Flight 815 Walt Lloyd Alive; Is going back to the island possibly as the next protecter
71%
Oceanic Flight 815 Paulo Dead; Buried alive
70%
The Kahana/Helicopter Charlotte Lewis Dead; Died in the time flashes due to temporal displacement
68%
The Kahana/Helicopter Frank Lapidus Alive; Flies the Ajira plane off the island
67%
Born on island The Man in Black Dead; Shot by Kate, then pushed off a cliff by Jack
66%
Unknown Charles Widmore Dead; Shot by Ben Linus
57%
Ajira Flight 316 Ilana Verdansky Dead; Blown up when she mishandled dynamite
49%
Unknown Eloise Hawking Alive; Once on island as leader of the others, but now maintains the Lamp Post
33%
Dharma Initiative Pierre Chang Dead; Most likely died in the Purge
33%
No matching quizzes found
Score Distribution
Percent of People with Each Score
Percentile by Number Answered
Your Score History
You have not taken this quiz